R6 Guns Quiz - Statistics

General Stats
  • This quiz has been taken 280 times
    276 since last reset
  • The average score is 23 of 102
Answer Stats
Type Name Used by % Correct
AK-12 Ace | Fuze
66%
R4-C Ash
63%
MP5 Doc | Melusi | Rook
62%
F2 Twitch
55%
Assault Rifle 416-C Jäger
52%
SMG-11 Amaru | Mute | Smoke
52%
MP7 Bandit | Zero
51%
SMG-12 Dokkaebi | Vigil | Warden
51%
G36C Ash | Iana
49%
P9 Ace | Doc | Montagne | Rook | Twitch
49%
M4 Maverick
48%
MP5K Mute | Wamai
46%
MPX Valkyrie | Warden
46%
AR33 Flores | Thatcher
41%
P10 RONI Aruni | Mozzie
40%
P90 Doc | Rook
37%
AUG A2 IQ | Wamai
36%
556xi Osa | Thermite
35%
C7E Jackal
35%
Commando 9 Mozzie
34%
ARX200 Iana | Nomad
33%
UMP45 Castle | Pulse
33%
552 Commando IQ
31%
FMG-9 Nøkk | Smoke
31%
MP5SD Echo
30%
AK-74M Nomad
28%
PDW9 Jackal | Osa
28%
SPAS-12 Oryx | Valkyrie
28%
F90 Gridlock
27%
Hand Cannon Gonne-6 Amaru | Dokkaebi | Finka | Iana | Glaz | Gridlock | Lion | Zero
27%
K1A Vigil
27%
Super Shorty Castle | Gridlock
27%
Marksman Rifle 417 Lion | Twitch
25%
AUG A3 Kaid
25%
Machine Pistol Bearing 9 Echo | Hibana | Thunderbird
25%
C8-SFW Buck
25%
T-5 SMG Lesion | Oryx
25%
Type-89 Hibana
25%
L85A2 Sledge | Thatcher
24%
M12 Caveira
24%
P12 Bandit | Blitz | IQ | Jäger | Wamai
24%
Spear .308 Finka | Thunderbird
23%
SuperNova Amaru | Echo | Hibana
23%
CAMRS Buck
22%
M870 Bandit | Jäger
21%
PARA-308 Capitão
20%
PMM Glaz | Finka | Fuze | Kapkan | Osa | Tachanka
20%
G8A1 Amaru | IQ
19%
Mx4 Storm Alibi
19%
SPAS-15 Caveira | Thunderbird
19%
Super 90 Frost | Melusi
19%
V308 Lion
19%
C75 Auto Kali | Vigil
18%
D-50 Blackbeard | Nøkk | Valkyrie
18%
M249 Capitão | Gridlock
18%
M762 Zofia
18%
SASG-12 Finka | Kapkan
18%
LMG-E Zofia
16%
SR-25 Blackbeard | Flores
16%
Vector .45 ACP Goyo | Mira
16%
9x19VSN Kapkan | Tachanka
15%
AR-15.50 Maverick
15%
SC3000K Zero
15%
TCSG12 Goyo | Kaid
15%
Shotgun ACS12 Alibi | Maestro
14%
DP27 Tachanka
14%
ITA12L Jackal | Mira
14%
ITA12S Frost | Jackal | Mira
14%
M1014 Ace | Castle | Pulse | Thermite
14%
Submachine Gun 9mm C1 Frost
13%
BOSG.12.2 Dokkaebi | Vigil
13%
FO-12 Ela
13%
M590A1 Mute | Sledge | Smoke | Thatcher | Warden
13%
Mk 14 EBR Aruni | Dokkaebi
13%
SIX12 Ying
13%
SIX12 SD Lesion | Nøkk
11%
Mk17 CQB Blackbeard
10%
SG-CQB Doc | Lion | Rook | Twitch
10%
Light Machine Gun 6P41 Finka | Fuze
9%
ALDA 5.56 Maestro
9%
GSh-18 Flores | Fuze | Kapkan | Tachanka
9%
M45 MEUSOC Ash | Pulse | Thermite
9%
Scorpion EVO 3 A1 Ela
9%
SPSMG9 Kali | Clash
9%
1911 TACOPS Maverick
8%
5.7 USG Ash | Castle | Nøkk | Pulse | Thermite | Zero
8%
P-10C Clash | Warden
8%
RG15 Ela | Melusi | Zofia
8%
T-95 LSW Ying
8%
CSRX 300 Kali
7%
OTs-03 Glaz
7%
USP40 Jackal | Mira | Oryx
7%
Bailiff 410 Alibi | Maestro | Oryx
6%
Keratos .357 Alibi | Maestro | Wamai
6%
P229 Echo | Goyo | Hibana
6%
PRB92 Aruni | Capitão | Nomad
6%
SDP 9mm Mozzie
6%
Handgun .44 Mag Semi-Auto Kaid | Nomad
5%
LFP586 Doc | Kaid | Lion | Montagne | Rook | Twitch
5%
Mk1 9mm Buck | Frost | Iana
5%
P226 Mk 25 Mute | Sledge | Smoke | Thatcher
4%
Q-929 Lesion | Thunderbird | Ying
4%
No matching quizzes found
Score Distribution
Percent of People with Each Score
Percentile by Number Answered
Your Score History
You have not taken this quiz since the last reset